| 000 | 01080nam a2200253 a 4500 | ||
|---|---|---|---|
| 001 | 3001102 | ||
| 005 | 20251028125140.0 | ||
| 008 | 930209r19911966nyua 000 0 eng | ||
| 020 | _a0887374948 | ||
| 020 | _a9780887374944 | ||
| 050 | 0 | 0 |
_aRT84.5 _b.H46 1991 |
| 082 | 0 | 0 |
_a610.73 _220 |
| 100 | 1 | _aHenderson, Virginia. | |
| 245 | 1 | 4 |
_aThe nature of nursing : _ba definition and its implications for practice, research, and education : reflections after 25 years / _cVirginia A. Henderson. |
| 260 |
_aNew York : _bNational League for Nursing Press, _cc1991. |
||
| 300 |
_axii, 116 p. : _bill. ; _c23 cm. |
||
| 500 | _a"Contents grew out of a Clare Dennison memorial lecture at the University of Rochester School of Nursing ... 1964. A condensed version was published in The American journal of nursing in August, 1964." | ||
| 500 | _aReprint. Previously published: Macmillan, 1966. | ||
| 500 | _a"Library tools for nursing": p. 100-110. | ||
| 500 | _a"Pub. no. 15-2346." | ||
| 650 | 0 |
_aNursing _xPhilosophy. |
|
| 650 | 0 |
_aNursing _xStudy and teaching. |
|
| 942 |
_2lcc _cBK _n0 |
||
| 999 |
_c7850 _d7850 |
||